<?xml version="1.0" encoding="UTF-8"?><?xml-stylesheet type="text/xsl" href="static/style.xsl"?><OAI-PMH xmlns="http://www.openarchives.org/OAI/2.0/" xmlns:xsi="http://www.w3.org/2001/XMLSchema-instance" xsi:schemaLocation="http://www.openarchives.org/OAI/2.0/ http://www.openarchives.org/OAI/2.0/OAI-PMH.xsd"><responseDate>2026-04-17T17:38:40Z</responseDate><request verb="GetRecord" identifier="oai:www.recercat.cat:20.500.12328/1468" metadataPrefix="marc">https://recercat.cat/oai/request</request><GetRecord><record><header><identifier>oai:recercat.cat:20.500.12328/1468</identifier><datestamp>2025-05-20T00:03:13Z</datestamp><setSpec>com_2072_67741</setSpec><setSpec>col_2072_484352</setSpec></header><metadata><record xmlns="http://www.loc.gov/MARC21/slim" xmlns:dcterms="http://purl.org/dc/terms/" xmlns:xsi="http://www.w3.org/2001/XMLSchema-instance" xmlns:doc="http://www.lyncode.com/xoai" xsi:schemaLocation="http://www.loc.gov/MARC21/slim http://www.loc.gov/standards/marcxml/schema/MARC21slim.xsd">
   <leader>00925njm 22002777a 4500</leader>
   <datafield ind2=" " ind1=" " tag="042">
      <subfield code="a">dc</subfield>
   </datafield>
   <datafield ind2=" " ind1=" " tag="720">
      <subfield code="a">Díez-Izquierdo, Ana</subfield>
      <subfield code="e">author</subfield>
   </datafield>
   <datafield ind2=" " ind1=" " tag="720">
      <subfield code="a">Cassanello Peñarroya, Pía</subfield>
      <subfield code="e">author</subfield>
   </datafield>
   <datafield ind2=" " ind1=" " tag="720">
      <subfield code="a">Cartanyà-Hueso, Àurea</subfield>
      <subfield code="e">author</subfield>
   </datafield>
   <datafield ind2=" " ind1=" " tag="720">
      <subfield code="a">Matilla-Santander, Nuria</subfield>
      <subfield code="e">author</subfield>
   </datafield>
   <datafield ind2=" " ind1=" " tag="720">
      <subfield code="a">Martín Sánchez, Juan Carlos</subfield>
      <subfield code="e">author</subfield>
   </datafield>
   <datafield ind2=" " ind1=" " tag="720">
      <subfield code="a">Balaguer Santamaría, Albert</subfield>
      <subfield code="e">author</subfield>
   </datafield>
   <datafield ind2=" " ind1=" " tag="720">
      <subfield code="a">Martínez Sánchez, Jose María</subfield>
      <subfield code="e">author</subfield>
   </datafield>
   <datafield ind2=" " ind1=" " tag="260">
      <subfield code="c">2019-06-15</subfield>
   </datafield>
   <datafield ind2=" " ind1=" " tag="520">
      <subfield code="a">Fundamentos: La población pediátrica es la más vulnerable a la exposición pasiva al humo ambiental del tabaco (HAT), siendo los hogares la fuente principal de exposición en niños. El objetivo de este estudio fue describir los hogares libres de humo y la prevalencia de exposición pasiva al HAT en la población pediátrica (de 3 a 36 meses) en España. Métodos: Estudio transversal con 1.368 padres, madres o tutores con hijos de 3 a 36 meses realizado en España de marzo a noviembre de 2017 mediante cuestionario online como parte del estudio EPISON. Se recogió información sobre la adopción voluntaria de normas de consumo de tabaco en el hogar y exposición al HAT en casa y otros ambientes. Se calcularon las prevalencias y las Odds Ratio ajustadas (ORa) por sexo, edad, nivel educativo y consumo de tabaco. Resultados: El 87,6% de los encuestados afirmó tener un hogar libre de humo. El 12,4% de los encuestados tenían regulación parcial o no tenían ninguna regulación en el hogar, incrementándose hasta el 26% cuando el progenitor era fumador o al 21,8% cuando tenía estudios primarios o inferiores. El 5,4% de los padres refirió exposición pasiva al tabaco en niños en sus hogares, elevándose hasta el 14,5% cuando la exposición se produjo en otros ambientes, incrementándose de forma estadísticamente significativa la diferencia entre los padres fumadores y con menor nivel educativo. Conclusión: Los hogares libres de humo son mayoritarios, pero persiste la exposición pasiva al tabaco en el hogar con niños menores de 3 años, especialmente en familias con menor nivel educativo. Por ello, se deberían incentivar campañas de sensibilización sobre los efectos de la exposición pasiva en menores, especialmente en familias con menos recursos.</subfield>
   </datafield>
   <datafield ind1="8" ind2=" " tag="024">
      <subfield code="a">Díez-Izquierdo, Ana; Cassanello Peñarroya, Pia; Cartanyà-Hueso, Àurea [et al.]. Prevalencia de hogares libres de humo y exposición pasiva al tabaco en población pediátrica (niños de 3 a 36 meses). Revista Española de Salud Pública, 2019, vol. 93, e1-e13. Disponible en: &lt;https://www.mscbs.gob.es/biblioPublic/publicaciones/recursos_propios/resp/revista_cdrom/VOL93/O_BREVES/RS93C_201907045.pdf>. Fecha de acceso: 29 feb. 2020.</subfield>
   </datafield>
   <datafield ind1="8" ind2=" " tag="024">
      <subfield code="a">1135-5727</subfield>
   </datafield>
   <datafield ind1="8" ind2=" " tag="024">
      <subfield code="a">http://hdl.handle.net/20.500.12328/1468</subfield>
   </datafield>
   <datafield tag="653" ind2=" " ind1=" ">
      <subfield code="a">Tabaquisme</subfield>
   </datafield>
   <datafield tag="653" ind2=" " ind1=" ">
      <subfield code="a">Pediatria</subfield>
   </datafield>
   <datafield tag="653" ind2=" " ind1=" ">
      <subfield code="a">Tabac</subfield>
   </datafield>
   <datafield tag="653" ind2=" " ind1=" ">
      <subfield code="a">Infants--Salut i higiene</subfield>
   </datafield>
   <datafield tag="653" ind2=" " ind1=" ">
      <subfield code="a">Tabaquismo</subfield>
   </datafield>
   <datafield tag="653" ind2=" " ind1=" ">
      <subfield code="a">Pediatría</subfield>
   </datafield>
   <datafield tag="653" ind2=" " ind1=" ">
      <subfield code="a">Tabaco</subfield>
   </datafield>
   <datafield tag="653" ind2=" " ind1=" ">
      <subfield code="a">Niños -- Salud e higiene</subfield>
   </datafield>
   <datafield tag="653" ind2=" " ind1=" ">
      <subfield code="a">Smoking</subfield>
   </datafield>
   <datafield tag="653" ind2=" " ind1=" ">
      <subfield code="a">Pediatrics</subfield>
   </datafield>
   <datafield tag="653" ind2=" " ind1=" ">
      <subfield code="a">Tobacco</subfield>
   </datafield>
   <datafield tag="653" ind2=" " ind1=" ">
      <subfield code="a">Children -- Health and hygiene</subfield>
   </datafield>
   <datafield ind2="0" ind1="0" tag="245">
      <subfield code="a">Prevalencia de hogares libres de humo y exposición pasiva al tabaco en población pediátrica (niños de 3 a 36 meses)</subfield>
   </datafield>
</record></metadata></record></GetRecord></OAI-PMH>